[Event "World Amateur-ch U2300"]
[Site "Muscat"]
[Date "2023.11.02"]
[Round "1"]
[White "Muratkuliev, Shohrat"]
[Black "Almaryami, Mohamed H"]
[Result "1-0"]
[WhiteElo "2289"]
[BlackElo "1999"]
[PlyCount "113"]
[EventDate "2023.11.02"]
[EventType "swiss"]
[EventRounds "9"]
[EventCountry "OMN"]
[SourceTitle "CB46_2023"]
[SourceDate "2023.11.15"]
[SourceVersion "1"]
[SourceVersionDate "2023.11.15"]
[SourceQuality "1"]

1. d4 d5 2. f4 Nf6 3. Nf3 c5 4. e3 Qb6 5. c3 Bf5 6. Bd3 Ne4 7. Nh4 Bd7 8. Nd2 Nf6 9. Nhf3 e6 10. Ne5 cxd4 11. exd4 Be7 12. 0-0 h6 13. a4 Nc6 14. Ndf3 0-0 15. Nxd7 Nxd7 16. Kh1 Nf6 17. Qe2 Bd6 18. Ne5 Rfe8 19. Bc2 Ne7 20. g4 Ne4 21. Bxe4 dxe4 22. Qxe4 f5 23. Qg2 fxg4 24. Qxg4 Nf5 25. Qg6 Nh4 26. Qg4 Nf5 27. Rg1 Qc7 28. Rg2 Rf8 29. Bd2 Rf6 30. Rag1 b6 31. h4 Raf8 32. h5 Qb7 33. Kh2 Kh7 34. Qe2 Re8 35. Qd3 Kh8 36. Ng6+ Kg8 37. Ne5 Re7 38. Be1 Qd5 39. Bf2 Bc7 40. c4 Qb7 41. Ng6 Rd7 42. Ne5 Re7 43. Rg4 Bb8 44. Rg6 Rxg6 45. Nxg6 Rf7 46. Ne5 Re7 47. Rg4 Qc8 48. Bg3 Qe8 49. Ng6 Rd7 50. Bf2 Qf7 51. Qe4 Rb7 52. Rg1 Rd7 53. Re1 Bc7 54. Qxe6 Qxe6 55. Rxe6 Kf7 56. d5 Nd6 57. Ne5+ 1-0

[Event "Monastir Safe Tours op"]
[Site "Monastir"]
[Date "2023.06.19"]
[Round "7"]
[White "Zaibi, Amir"]
[Black "Almaryami, Mohamed H"]
[Result "1-0"]
[WhiteElo "2393"]
[BlackElo "2018"]
[PlyCount "99"]
[EventDate "2023.06.16"]
[EventType "swiss"]
[EventRounds "7"]
[EventCountry "TUN"]
[SourceTitle "EXT 2024"]
[Source "ChessBase"]
[SourceDate "2023.10.10"]
[SourceVersion "1"]
[SourceVersionDate "2023.10.10"]
[SourceQuality "1"]

1. Nf3 Nf6 2. c4 d6 3. d4 g6 4. Nc3 Bg7 5. e4 c5 6. Be2 cxd4 7. Nxd4 Nbd7 8. Be3 Nc5 9. f3 a6 10. Qd2 Bd7 11. Rd1 Rc8 12. 0-0 0-0 13. Qe1 e5 14. Nc2 Be6 15. Qf2 Qe7 16. Rd2 Ne8 17. Nb4 f5 18. Nbd5 Qd8 19. exf5 gxf5 20. b4 Nd7 21. f4 e4 22. Bd4 Nef6 23. Ne3 Qe7 24. Ncd5 Bxd5 25. Nxf5 Qe6 26. Nxg7 Kxg7 27. cxd5 Qf5 28. g4 Qg6 29. f5 Qh6 30. Qe3 Qxe3+ 31. Bxe3 h6 32. h4 Ne5 33. g5 hxg5 34. hxg5 Nfg4 35. Bd4 Kf7 36. Bxg4 Nxg4 37. Re2 Rfe8 38. g6+ Kg8 39. f6 Nxf6 40. Bxf6 Rc7 41. Rh2 Rg7 42. Bxg7 Kxg7 43. Kf2 Re5 44. Ke3 Rxd5 45. Rg2 Re5 46. Rf7+ Kg8 47. Rxb7 d5 48. g7 Re8 49. Rh2 d4+ 50. Kf4 1-0

[Event "Forni di Sopra op 14th"]
[Site "Forni di Sopra"]
[Date "2023.06.11"]
[Round "2"]
[White "Rempe, Jonas"]
[Black "Almaryami, Mohamed H"]
[Result "1-0"]
[WhiteElo "1879"]
[BlackElo "2018"]
[PlyCount "89"]
[EventDate "2023.06.10"]
[EventType "swiss"]
[EventRounds "9"]
[EventCountry "ITA"]
[SourceTitle "CBM 214 Extra"]
[Source "ChessBase"]
[SourceDate "2023.07.31"]
[SourceVersion "1"]
[SourceVersionDate "2023.07.31"]
[SourceQuality "1"]

1. e4 d6 2. d4 Nd7 3. Nc3 e5 4. Nf3 Ngf6 5. Bc4 Be7 6. 0-0 c6 7. a4 Qc7 8. b3 h6 9. Ba3 Nf8 10. Nh4 exd4 11. Qxd4 Ne6 12. Qd2 Nc5 13. Rfe1 Ng4 14. Nf5 Bxf5 15. exf5 0-0-0 16. Qf4 Bf6 17. Qg3 Be5 18. Qh3 Bxh2+ 19. Kf1 Be5 20. Rad1 Nf6 21. Rxe5 dxe5 22. Rxd8+ Rxd8 23. Bxc5 Kb8 24. Qg3 Nd5 25. Bxd5 cxd5 26. Bxa7+ Ka8 27. Qd3 d4 28. Nb5 Qc6 29. f3 Rd5 30. Ke2 b6 31. Qc4 Qxc4+ 32. bxc4 Rxb5 33. cxb5 Kxa7 34. Kd3 Kb7 35. Ke4 f6 36. Kd5 Kc7 37. Ke6 h5 38. Kf7 Kd6 39. Kxg7 e4 40. fxe4 Ke5 41. Kg6 h4 42. Kf7 Kf4 43. a5 Kg3 44. axb6 Kxg2 45. b7 1-0